Normal view
MARC view
Entry Personal Name
001 - CONTROL NUMBER
- control field: 259822
003 - CONTROL NUMBER IDENTIFIER
- control field: OSt
005 - DATE AND TIME OF LATEST TRANSACTION
- control field: 20260331115117.0
008 - FIXED-LENGTH DATA ELEMENTS
- fixed length control field: 260331|| aca||aabn | a|a d
040 ## - CATALOGING SOURCE
- Original cataloging agency: OSt
- Transcribing agency: OSt
100 ## - HEADING--PERSONAL NAME
- Personal name: DVIVEDI (Jagadishprasad).
- Dates associated with a name: जगदीश प्रसाद द्विवेदी
670 ## - SOURCE DATA FOUND
- Source citation: Work cat.: (OSt)80536: DVIVEDI (Jagadishprasad). जगदीश प्रसाद द्विवेदी, Workshop practice, 1970